[Event "C.to Regionale Sardegna"]
[Site "Sardara ITA"]
[Date "2011.05.21"]
[Round "1"]
[White "Altea, Alessandro"]
[Black "Passalacqua, Tullio"]
[Result "1-0"]
[WhiteElo "1813"]
[BlackElo "1479"]
[PlyCount "113"]
[EventDate "2011.05.23"]

1. c4 c6 2. Nf3 e6 3. g3 d5 4. cxd5 exd5 5. Bg2 Bb4 6. O-O Nf6 7. d4 O-O 8. Qc2
Bg4 9. Qb3 Qe7 10. e3 Ne4 11. a3 Ba5 12. Nbd2 Qc7 13. Qc2 Re8 14. b4 Bb6 15.
Nxe4 dxe4 16. Ne5 Bf3 17. Nxf3 exf3 18. Bxf3 Qe7 19. Bg2 Nd7 20. Bb2 Nf6 21.
Rac1 a6 22. Rfd1 Rad8 23. Qc3 Bc7 24. Qc2 h5 25. d5 Bb8 26. dxc6 Rxd1+ 27. Rxd1
Rc8 28. Qf5 Rc7 29. Be5 bxc6 30. Bxc7 Bxc7 31. Bxc6 Qe6 32. Qxe6 fxe6 33. Rc1
Kf7 34. Bb7 Bd6 35. Bxa6 Ng4 36. Rd1 Ke7 37. Rc1 Ne5 38. Be2 g6 39. Kf1 Kd7 40.
f4 Nf7 41. Bd3 Nh8 42. Rc4 Ke7 43. a4 Kf6 44. a5 Nf7 45. a6 Bb8 46. Ke2 Nd6 47.
Rc6 Nf5 48. Bxf5 gxf5 49. Rc8 Ba7 50. Rc7 Bb6 51. Rb7 h4 52. Rxb6 Kg6 53. a7
Kh5 54. a8=Q Kg4 55. gxh4 Kh3 56. Qf3+ Kxh2 57. Kf2 1-0

[Event "C.to Regionale Sardegna"]
[Site "Sardara ITA"]
[Date "2011.05.21"]
[Round "1"]
[White "Boi, Fausto"]
[Black "Corona, Rafaele"]
[Result "1-0"]
[WhiteElo "1812"]
[BlackElo "1437"]
[PlyCount "101"]
[EventDate "2011.05.23"]

1. e3 e5 2. d3 d5 3. Ne2 Nf6 4. b3 Nc6 5. h3 Be6 6. Nd2 Bc5 7. Bb2 h6 8. a3 Qd7
9. g3 O-O 10. Bg2 Bb6 11. g4 Nh7 12. Ng3 f5 13. gxf5 Bxf5 14. Nxf5 Rxf5 15. h4
Qf7 16. c4 Ne7 17. Rf1 Kh8 18. cxd5 Rf8 19. Qe2 Nf6 20. Bh3 Rh5 21. Be6 Qg6 22.
Nf3 Nfxd5 23. Bxd5 Nxd5 24. Nxe5 Qe8 25. Nc4 Rxh4 26. Rg1 Nf6 27. Ne5 g5 28.
Ng4 Qe6 29. Nxf6 Rxf6 30. Bxf6+ Qxf6 31. Rc1 c6 32. Qc2 Rh2 33. Rf1 Bxe3 34.
Rb1 Bd4 35. Qe2 Be5 36. Rc1 Qd6 37. Rc4 b5 38. Re4 Bc3+ 39. Kd1 Bg7 40. Re8+
Bf8 41. Rxf8+ Qxf8 42. Qe5+ Qg7 43. Qxh2 Qa1+ 44. Ke2 Qb2+ 45. Kf3 Qf6+ 46. Kg2
c5 47. Qb8+ Kh7 48. Qxa7+ Kg6 49. Qxc5 Qf4 50. Qc6+ Kh5 51. Qf3+ 1-0

[Event "C.to Regionale Sardegna"]
[Site "Sardara ITA"]
[Date "2011.05.21"]
[Round "1"]
[White "Camboni, Paolo"]
[Black "Caredda, Giuseppe"]
[Result "1-0"]
[WhiteElo "1875"]
[BlackElo "1608"]
[PlyCount "65"]
[EventDate "2011.05.23"]

1. e4 c5 2. Nf3 Nc6 3. Bb5 a6 4. Bxc6 bxc6 5. O-O d5 6. Qe2 e6 7. d3 Be7 8. Bf4
Nf6 9. Nc3 d4 10. Na4 Nh5 11. Bd2 Nf6 12. b3 Qc7 13. Nb2 e5 14. Nc4 Nd7 15. Ne1
Bf6 16. f4 O-O 17. f5 Nb6 18. Ba5 Rb8 19. Nf3 Qa7 20. Bxb6 Rxb6 21. g4 Rb8 22.
g5 Bd8 23. Ncxe5 Qc7 24. Qg2 f6 25. gxf6 Bxf6 26. Nc4 Kh8 27. Rae1 Bd8 28. Nfe5
Rf6 29. Rf3 Rb7 30. Ng4 Rf7 31. Ref1 Qe7 32. Nce5 h5 33. Ng6+ 1-0

[Event "C.to Regionale Sardegna"]
[Site "Sardara ITA"]
[Date "2011.05.21"]
[Round "1"]
[White "Cao, Carlo"]
[Black "Maldarelli, Lorenzo"]
[Result "1/2-1/2"]
[WhiteElo "1461"]
[BlackElo "1813"]
[PlyCount "68"]
[EventDate "2011.05.23"]

1. e4 c5 2. Nc3 d6 3. f4 Nc6 4. Bb5 e6 5. Nf3 Bd7 6. Bxc6 Bxc6 7. O-O g6 8. d3
Bg7 9. Be3 Ne7 10. Qe1 Qa5 11. h3 h5 12. a3 Qc7 13. Rd1 O-O-O 14. Qf2 b6 15. d4
cxd4 16. Bxd4 e5 17. fxe5 dxe5 18. Be3 f5 19. Ng5 Rxd1 20. Rxd1 Bh6 21. Ne6
Bxe3 22. Qxe3 f4 23. Nxc7 fxe3 24. N7d5 Nxd5 25. exd5 Bd7 26. Re1 Bf5 27. Rxe3
Bxc2 28. Rxe5 Bd3 29. d6 Rd8 30. Rd5 Bc4 31. Rd4 b5 32. Kf2 Rf8+ 33. Kg3 Kd7
34. Ne4 Rf5 1/2-1/2

[Event "C.to Regionale Sardegna"]
[Site "Sardara ITA"]
[Date "2011.05.21"]
[Round "1"]
[White "Dessy, Eugenio"]
[Black "Deruda, Leonardo"]
[Result "0-1"]
[WhiteElo "1679"]
[BlackElo "1930"]
[PlyCount "114"]
[EventDate "2011.05.23"]

1. e4 c5 2. Nc3 Nc6 3. f4 g6 4. Bc4 Bg7 5. Nf3 e6 6. O-O Nge7 7. d3 O-O 8. Be3
d5 9. exd5 exd5 10. Bxc5 dxc4 11. dxc4 Be6 12. Nd2 Re8 13. Nce4 Nf5 14. c3 b6
15. Bf2 Qc7 16. g4 Nd6 17. c5 Nxe4 18. Nxe4 Rad8 19. Qf3 Bd5 20. Rae1 Bxe4 21.
Rxe4 bxc5 22. Rc4 Qd7 23. Rxc5 Ne7 24. Ra5 Nc6 25. Rc5 Nb8 26. Bh4 Rc8 27. Rd1
Qe6 28. Rxc8 Rxc8 29. f5 Qb6+ 30. Qf2 Qxf2+ 31. Kxf2 h6 32. fxg6 fxg6 33. Bg3
Rf8+ 34. Ke2 Nc6 35. Rd6 Rf6 36. Rd7 Re6+ 37. Kd2 Bf8 38. Rb7 Re7 39. Rxe7 Bxe7
40. b4 a6 41. Kd3 Kf7 42. Ke4 Ke6 43. h3 Bf6 44. Kd3 h5 45. gxh5 gxh5 46. a3
Ne7 47. c4 Nf5 48. Bf2 Nd6 49. c5 Nb5 50. a4 Nc3 51. a5 Nb5 52. Ke4 Bc3 53. c6
Kd6 54. Bc5+ Kxc6 55. Kf4 Be1 56. Kf3 Nd6 57. Bf2 Bxb4 0-1

[Event "C.to Regionale Sardegna"]
[Site "Sardara ITA"]
[Date "2011.05.21"]
[Round "1"]
[White "Di Pinto, Vincenzo"]
[Black "Altea, Giovanni"]
[Result "1-0"]
[WhiteElo "1622"]
[BlackElo "1896"]
[PlyCount "99"]
[EventDate "2011.05.23"]

1. e4 c5 2. Nf3 e6 3. Be2 Nc6 4. d4 cxd4 5. Nxd4 Qb6 6. Nxc6 bxc6 7. O-O Nf6 8.
Nc3 Be7 9. e5 Nd5 10. Nxd5 cxd5 11. c3 Bb7 12. Qc2 Rc8 13. Qa4 Bc5 14. Qg4 g6
15. Kh1 h5 16. Qg3 h4 17. Qh3 Be7 18. f4 Ba6 19. Bxa6 Qxa6 20. Be3 Rb8 21. Rf2
Rh5 22. Bd4 Rb5 23. b4 Qa3 24. Qe3 a5 25. bxa5 Qxa5 26. a4 Rb3 27. Qc1 Bc5 28.
Rb2 Ba3 29. Rxa3 Rxa3 30. Rb5 Qxa4 31. Rb8+ Ke7 32. Bc5+ d6 33. Bxd6+ Kd7 34.
Rb7+ Kc8 35. Rb8+ Kd7 36. Bxa3 h3 37. Qb1 hxg2+ 38. Kg1 Qa7+ 39. Qb6 Qxb6+ 40.
Rxb6 Rh3 41. Bb4 Rf3 42. Rb7+ Ke8 43. Re7+ Kf8 44. Rxe6+ Kg7 45. Rf6 Rd3 46.
Kxg2 Rd2+ 47. Kg3 Rb2 48. Bc5 Rb5 49. Bd4 Kg8 50. e6 1-0

[Event "C.to Regionale Sardegna"]
[Site "Sardara ITA"]
[Date "2011.05.21"]
[Round "1"]
[White "Erriu, Giampiero"]
[Black "Belvisi, Ivano"]
[Result "0-1"]
[WhiteElo "1734"]
[BlackElo "2003"]
[PlyCount "34"]
[EventDate "2011.05.23"]

1. d4 d5 2. c4 e6 3. Nc3 c5 4. Nf3 Nc6 5. e3 Nf6 6. cxd5 exd5 7. Bb5 Bg4 8. h3
Bh5 9. dxc5 Bxc5 10. O-O O-O 11. Bxc6 bxc6 12. b3 Qe7 13. Qe2 Ne4 14. Na4 Bd6
15. Bb2 Ng5 16. Kh1 Bxf3 17. gxf3 Qd7 0-1

[Event "C.to Regionale Sardegna"]
[Site "Sardara ITA"]
[Date "2011.05.21"]
[Round "1"]
[White "Magrini, Fabrizio"]
[Black "Nessi, Davide"]
[Result "1-0"]
[WhiteElo "2158"]
[BlackElo "1756"]
[PlyCount "47"]
[EventDate "2011.05.23"]

1. e4 e5 2. Nf3 Nc6 3. Bc4 Nf6 4. Ng5 d5 5. exd5 b5 6. Bf1 Nxd5 7. Bxb5 Bb7 8.
Qf3 Qxg5 9. Qxd5 Qf6 10. Nc3 Rd8 11. Qb3 Qg6 12. O-O Bc5 13. Bd3 Rxd3 14. Qxb7
Rd4 15. b4 Rxb4 16. Qc8+ Nd8 17. Nd5 Rg4 18. Nxc7+ Ke7 19. Nd5+ Kd6 20. Ne3 Ne6
21. Qa6+ Bb6 22. Ba3+ Kd7 23. Qb5+ Kc7 24. Qxe5+ 1-0

[Event "C.to Regionale Sardegna"]
[Site "Sardara ITA"]
[Date "2011.05.21"]
[Round "1"]
[White "Mallo', Danilo"]
[Black "Marano, Daniele"]
[Result "0-1"]
[WhiteElo "1930"]
[BlackElo "1663"]
[PlyCount "98"]
[EventDate "2011.05.23"]

1. d4 d5 2. c4 dxc4 3. Nc3 e5 4. Qa4+ Bd7 5. Qxc4 exd4 6. Nb5 c5 7. Bd2 Nf6 8.
Nf3 a6 9. Ne5 Be6 10. Qa4 Nbd7 11. Na3 b5 12. Nxb5 axb5 13. Qxb5 Qb6 14. e3
Qxb5 15. Bxb5 Bd6 16. Nc6 Rxa2 17. Rxa2 Bxa2 18. exd4 O-O 19. O-O cxd4 20. Nxd4
Nc5 21. Ra1 Bd5 22. Nf5 Nb3 23. Rd1 Nxd2 24. Nxd6 Nde4 25. Rxd5 Nxd5 26. Nxe4
Rb8 27. Bc4 Rxb2 28. g3 Nb6 29. Nd6 Nxc4 30. Nxc4 Rb1+ 31. Kg2 g5 32. g4 Kg7
33. Kg3 Rc1 34. Ne3 Rc3 35. h4 gxh4+ 36. Kxh4 Kg6 37. g5 Rd3 38. Kg4 Rd2 39. f3
Re2 40. Kf4 Rxe3 41. Kxe3 Kxg5 42. Ke4 h5 43. Ke3 h4 44. f4+ Kg4 45. Kf2 Kxf4
46. Kg2 f5 47. Kh3 Kf3 48. Kxh4 f4 49. Kh3 Kf2 0-1

[Event "C.to Regionale Sardegna"]
[Site "Sardara ITA"]
[Date "2011.05.21"]
[Round "1"]
[White "Mameli, Gianluca"]
[Black "Murgia, Stefano"]
[Result "0-1"]
[WhiteElo "1945"]
[BlackElo "1718"]
[PlyCount "50"]
[EventDate "2011.05.23"]

1. e4 d6 2. d4 f5 3. exf5 Bxf5 4. Nf3 Nf6 5. Bd3 Qd7 6. O-O g6 7. Re1 Nc6 8. c3
Bg7 9. Qc2 O-O-O 10. a4 e5 11. dxe5 dxe5 12. Bxf5 gxf5 13. Na3 e4 14. Nd4 Nd5
15. Ne2 Be5 16. Nc4 Rhg8 17. Nxe5 Nxe5 18. Kh1 Nd3 19. Rf1 Qg7 20. g3 f4 21. c4
N5b4 22. Qc3 Qg4 23. Nxf4 Nxf4 24. Bxf4 Nd3 25. b4 Nxf4 0-1

[Event "C.to Regionale Sardegna"]
[Site "Sardara ITA"]
[Date "2011.05.21"]
[Round "1"]
[White "Murtas, Gianvito"]
[Black "Neri, Enzo"]
[Result "1-0"]
[WhiteElo "1751"]
[BlackElo "2099"]
[PlyCount "65"]
[EventDate "2011.05.23"]

1. e4 e5 2. Nc3 Bc5 3. Bc4 Nf6 4. d3 O-O 5. Bg5 c6 6. Qd2 b5 7. Bb3 a5 8. a3 d6
9. Nf3 Re8 10. h3 a4 11. Ba2 b4 12. Nd1 bxa3 13. bxa3 d5 14. O-O Qd6 15. Ne3
Bxa3 16. exd5 Nxd5 17. Nc4 Qc5 18. Nxa3 Qxa3 19. Bxd5 Qc5 20. Ba2 Ba6 21. Rfe1
Nd7 22. Re4 Bb5 23. Be3 Qd6 24. Ng5 Re7 25. Rh4 Nf8 26. Ne4 Qb8 27. Bc5 Rb7 28.
Bxf8 Qxf8 29. Qg5 Qd8 30. Qh5 h6 31. Rg4 Kf8 32. Qxe5 f6 33. Qe6 1-0

[Event "C.to Regionale Sardegna"]
[Site "Sardara ITA"]
[Date "2011.05.21"]
[Round "1"]
[White "Murtas, Paolo"]
[Black "Saccheri, Fabio"]
[Result "0-1"]
[WhiteElo "1515"]
[BlackElo "1875"]
[PlyCount "56"]
[EventDate "2011.05.23"]

1. d4 d5 2. Nf3 Nf6 3. c4 c6 4. Nc3 Bf5 5. e3 e6 6. Bd3 Ne4 7. Qc2 Bb4 8. O-O
Nxc3 9. bxc3 Bxd3 10. Qxd3 Bd6 11. cxd5 cxd5 12. Qb5+ Nd7 13. a4 Rb8 14. Ba3 a6
15. Qb3 Nb6 16. Nd2 O-O 17. Bxd6 Qxd6 18. Rfb1 Nd7 19. c4 Rfc8 20. Qb4 Qc6 21.
Rc1 Nf6 22. f3 g5 23. Kf2 b6 24. Rab1 Qd7 25. cxd5 Nxd5 26. Qb3 b5 27. Rxc8+
Rxc8 28. axb5 Rc3 0-1

[Event "C.to Regionale Sardegna"]
[Site "Sardara ITA"]
[Date "2011.05.21"]
[Round "1"]
[White "Palmas, Alessandro"]
[Black "Pannella, Antonello"]
[Result "1-0"]
[WhiteElo "1826"]
[BlackElo "1511"]
[PlyCount "113"]
[EventDate "2011.05.23"]

1. d4 f5 2. c4 Nf6 3. Nc3 b6 4. Bf4 Bb7 5. Nf3 g6 6. e3 Bg7 7. Rc1 O-O 8. Qb3
Kh8 9. Nb5 d6 10. Ng5 Qd7 11. d5 a6 12. Nd4 Ne4 13. Nge6 Nc5 14. Nxc5 dxc5 15.
Ne6 Rf6 16. Nxg7 Kxg7 17. Be5 a5 18. Rd1 Na6 19. a3 Raf8 20. h4 Kg8 21. Bxf6
Rxf6 22. Rh3 Qd6 23. Qc3 Bc8 24. Rh1 f4 25. e4 Qd7 26. e5 Rf8 27. e6 Qe8 28.
Bd3 c6 29. Qe5 Rf6 30. h5 cxd5 31. cxd5 c4 32. Bxc4 Rf5 33. Qe2 Nc5 34. b4 Nb7
35. Bb5 Qd8 36. hxg6 hxg6 37. Qb2 Rh5 38. Rxh5 gxh5 39. Qe5 Qf8 40. Qxh5 Nd6
41. Bd3 Qg7 42. Qf3 axb4 43. axb4 Qc3+ 44. Kf1 Qf6 45. g3 fxg3 46. Qxg3+ Qg7
47. Qe3 Bb7 48. Qxb6 Qh6 49. Qd8+ Qf8 50. Qxf8+ Kxf8 51. Be2 Ne4 52. Rd4 Nc3
53. Bf3 Kg7 54. Rf4 Bxd5 55. Bxd5 Nxd5 56. Rf7+ Kg6 57. b5 1-0

[Event "C.to Regionale Sardegna"]
[Site "Sardara ITA"]
[Date "2011.05.21"]
[Round "1"]
[White "Pitzanti, Aldo"]
[Black "Serra, Emanuele"]
[Result "0-1"]
[WhiteElo "1401"]
[BlackElo "1786"]
[PlyCount "64"]
[EventDate "2011.05.23"]

1. d4 Nf6 2. Nc3 e6 3. Bg5 Be7 4. Bxf6 Bxf6 5. e4 d5 6. exd5 exd5 7. Be2 O-O 8.
Qd3 g6 9. O-O-O c6 10. Nf3 Bf5 11. Qd2 b5 12. a3 a5 13. Bd3 Be6 14. a4 bxa4 15.
Nxa4 Nd7 16. h4 Bg4 17. Qh6 Bxf3 18. gxf3 Rb8 19. c3 Re8 20. f4 Bg7 21. Qg5 f6
22. Qg4 f5 23. Qg3 Qc7 24. h5 c5 25. hxg6 hxg6 26. Rhg1 Qc6 27. Bc2 cxd4 28.
Bxf5 Qxa4 29. Be6+ Rxe6 30. Rge1 Qa1+ 31. Kc2 Rxb2+ 32. Kd3 Nc5# 0-1

[Event "C.to Regionale Sardegna"]
[Site "Sardara ITA"]
[Date "2011.05.21"]
[Round "1"]
[White "Pitzanti, Matteo"]
[Black "Putzolu, Marcello"]
[Result "0-1"]
[WhiteElo "1500"]
[BlackElo "1824"]
[PlyCount "104"]
[EventDate "2011.05.23"]

1. e4 c5 2. Nf3 d6 3. b4 Nf6 4. bxc5 Nxe4 5. cxd6 Qxd6 6. Ba3 Qf6 7. d4 Nc6 8.
c3 e6 9. Bc1 h6 10. Bd3 Ng5 11. Nbd2 Bd6 12. Nxg5 Qxg5 13. Ne4 Qe7 14. Qf3 Bd7
15. Rb1 Rb8 16. Nxd6+ Qxd6 17. Bf4 e5 18. dxe5 Nxe5 19. Bxe5 Qxe5+ 20. Qe4
Qxe4+ 21. Bxe4 b6 22. O-O O-O 23. Rfd1 Be6 24. a4 Rbc8 25. Rbc1 Rc4 26. Rd4
Rfc8 27. Rc2 g6 28. h3 Rxc3 29. Rxc3 Rxc3 30. Rd8+ Kg7 31. Ra8 Rc4 32. Bb7 Rxa4
33. f3 Ra2 34. Be4 b5 35. Rb8 Bc4 36. Bc6 a6 37. Ra8 b4 38. Be4 b3 39. Rb8 a5
40. Rc8 Be6 41. Rb8 a4 42. Rd8 b2 43. Rd1 Ra1 44. Rb1 Rxb1+ 45. Bxb1 a3 46. Kf2
a2 47. Bxa2 Bxa2 48. Kg3 b1=Q 49. Kh2 Qe1 50. f4 Qf2 51. f5 Bd5 52. f6+ Kxf6
0-1

[Event "C.to Regionale Sardegna"]
[Site "Sardara ITA"]
[Date "2011.05.21"]
[Round "1"]
[White "Puzzoni, Christian"]
[Black "Toniolo, Massimo"]
[Result "1-0"]
[WhiteElo "2089"]
[BlackElo "1748"]
[PlyCount "41"]
[EventDate "2011.05.23"]

1. d4 Nf6 2. Nc3 g6 3. Bg5 Bg7 4. Qd2 h6 5. Bf4 Nh5 6. Be5 Bxe5 7. dxe5 Nc6 8.
Nf3 d6 9. O-O-O Bg4 10. h3 Bxf3 11. e6 fxe6 12. exf3 g5 13. h4 Kd7 14. Bc4 Na5
15. Bxe6+ Kxe6 16. Qd5+ Kd7 17. Qxa5 c6 18. Qf5+ Kc7 19. hxg5 hxg5 20. Rde1 e5
21. Rxh5 1-0

[Event "C.to Regionale Sardegna"]
[Site "Sardara ITA"]
[Date "2011.05.21"]
[Round "2"]
[White "Altea, Giovanni"]
[Black "Neri, Luca"]
[Result "1-0"]
[WhiteElo "1896"]
[BlackElo "1639"]
[PlyCount "91"]
[EventDate "2011.05.23"]

1. c4 Nf6 2. g3 g6 3. Bg2 d5 4. Nf3 Bg7 5. O-O O-O 6. cxd5 Nxd5 7. d4 c5 8.
dxc5 Nc6 9. Qc2 Ndb4 10. Qa4 Bf5 11. Na3 e5 12. Ng5 h6 13. Ne4 Bxe4 14. Bxe4
Qd4 15. Bxc6 Nxc6 16. Qb5 e4 17. Rb1 Rab8 18. Be3 Qb4 19. Qc4 Qxc4 20. Nxc4 Bd4
21. Bxh6 Rfd8 22. b4 Bc3 23. a3 Nd4 24. Rfd1 Nxe2+ 25. Kf1 Nd4 26. Nd6 Nf5 27.
Bf4 Nxd6 28. cxd6 Rd7 29. Ke2 f6 30. h4 Kf7 31. Rbc1 Bb2 32. Rc7 Rbd8 33. a4
Be5 34. Bxe5 fxe5 35. Ke3 Ke6 36. Rxd7 Rxd7 37. Kxe4 Rxd6 38. Rxd6+ Kxd6 39. f4
exf4 40. Kxf4 Ke6 41. Kg5 Kf7 42. g4 Kg7 43. Kf4 Kf6 44. Ke4 Ke6 45. Kd4 Kf6
46. Kd5 1-0

[Event "C.to Regionale Sardegna"]
[Site "Sardara ITA"]
[Date "2011.05.21"]
[Round "2"]
[White "Belvisi, Ivano"]
[Black "Boi, Fausto"]
[Result "1-0"]
[WhiteElo "2003"]
[BlackElo "1812"]
[PlyCount "87"]
[EventDate "2011.05.23"]

1. c4 e6 2. Nc3 d6 3. g3 g6 4. Bg2 Bg7 5. d4 Ne7 6. Bg5 h6 7. Bf4 a6 8. Nf3 Nd7
9. e4 g5 10. Be3 b6 11. h4 gxh4 12. Nxh4 Bb7 13. Nf3 Nf6 14. d5 e5 15. Nh4 Bc8
16. g4 Nxg4 17. Bd2 Ng6 18. Nf5 Bxf5 19. exf5 Nxf2 20. Kxf2 Qf6 21. Be4 O-O-O
22. Qf3 Nh4 23. Qg4 Ng6 24. Ke1 Ne7 25. Qh4 Rdg8 26. Qxf6 Bxf6 27. Kf2 Bg5 28.
Bxg5 Rxg5 29. Rag1 Rhg8 30. Rxg5 Rxg5 31. Rg1 f6 32. Rxg5 hxg5 33. Kf3 Kd7 34.
Kg4 Nc8 35. Kh5 Na7 36. Kg6 Ke7 37. a4 Nc8 38. Nd1 Na7 39. Ne3 b5 40. cxb5 axb5
41. a5 b4 42. Ng4 b3 43. Nxf6 Nb5 44. Nh7 1-0

[Event "C.to Regionale Sardegna"]
[Site "Sardara ITA"]
[Date "2011.05.21"]
[Round "2"]
[White "Caredda, Giuseppe"]
[Black "Mallo', Danilo"]
[Result "0-1"]
[WhiteElo "1608"]
[BlackElo "1930"]
[PlyCount "60"]
[EventDate "2011.05.23"]

1. d4 d5 2. c4 c6 3. Nf3 Nf6 4. Nc3 Bf5 5. e3 e6 6. Be2 Be7 7. cxd5 exd5 8. O-O
O-O 9. Ne5 Bd6 10. f4 Re8 11. Kh1 Nbd7 12. Nxd7 Qxd7 13. Bf3 Re7 14. Re1 Rae8
15. Bd2 Ne4 16. Nxe4 Bxe4 17. Bxe4 Rxe4 18. Rc1 Qe7 19. g3 h6 20. Qf3 c5 21.
Qg4 b6 22. a3 a5 23. Qh3 Qb7 24. dxc5 bxc5 25. Rc2 d4 26. Bxa5 Rxe3+ 27. Kg1
Rxe1+ 28. Kf2 Qe4 29. Bxe1 Qxe1+ 30. Kg2 Qe4+ 0-1

[Event "C.to Regionale Sardegna"]
[Site "Sardara ITA"]
[Date "2011.05.21"]
[Round "2"]
[White "Corona, Rafaele"]
[Black "Erriu, Giampiero"]
[Result "1/2-1/2"]
[WhiteElo "1437"]
[BlackElo "1734"]
[PlyCount "51"]
[EventDate "2011.05.23"]

1. e4 e6 2. Nf3 d5 3. Nc3 Nf6 4. e5 Ne4 5. d4 c5 6. Be3 Nxc3 7. bxc3 cxd4 8.
cxd4 Be7 9. Bd3 Nc6 10. c3 Bd7 11. O-O Na5 12. Qc2 h6 13. Nd2 Rc8 14. Rac1 b5
15. Qd1 Nc4 16. Nxc4 bxc4 17. Bb1 Rb8 18. Qg4 Bf8 19. f4 h5 20. Qf3 f5 21. Qe2
Be7 22. Qf3 Kf8 23. Bf2 Be8 24. Rce1 h4 25. Kh1 a5 26. Rg1 1/2-1/2

[Event "C.to Regionale Sardegna"]
[Site "Sardara ITA"]
[Date "2011.05.21"]
[Round "2"]
[White "Deruda, Leonardo"]
[Black "Murtas, Gianvito"]
[Result "1/2-1/2"]
[WhiteElo "1930"]
[BlackElo "1751"]
[PlyCount "63"]
[EventDate "2011.05.23"]

1. d4 Nf6 2. Bg5 d5 3. Nc3 c6 4. e3 Bf5 5. Bd3 Bg6 6. Nf3 Nbd7 7. O-O e6 8. e4
Be7 9. Re1 O-O 10. e5 Nh5 11. Bxe7 Qxe7 12. Ne2 Bxd3 13. Qxd3 g6 14. Qe3 f5 15.
exf6 Qxf6 16. Ng3 Nf4 17. Ne2 Rae8 18. Nxf4 Qxf4 19. Qxf4 Rxf4 20. c3 h6 21.
Ne5 Nxe5 22. Rxe5 Rf5 23. Rae1 Rxe5 24. Rxe5 Kf7 25. f3 Kf6 26. Re2 Re7 27. f4
b6 28. b4 c5 29. bxc5 bxc5 30. g3 cxd4 31. cxd4 Rc7 32. Kf2 1/2-1/2

[Event "C.to Regionale Sardegna"]
[Site "Sardara ITA"]
[Date "2011.05.21"]
[Round "2"]
[White "Ibba, Isacco"]
[Black "Altea, Alessandro"]
[Result "1-0"]
[WhiteElo "2187"]
[BlackElo "1813"]
[PlyCount "57"]
[EventDate "2011.05.23"]

1. d4 d5 2. Qd3 c6 3. Bg5 Nd7 4. f3 h6 5. Bh4 Ngf6 6. e4 dxe4 7. fxe4 Qb6 8. b3
e6 9. Nf3 Bb4+ 10. c3 Be7 11. Nbd2 O-O 12. Be2 c5 13. O-O cxd4 14. cxd4 Rd8 15.
Nc4 Qa6 16. Qe3 Ng4 17. Qf4 Ngf6 18. Bd3 b5 19. Ncd2 Qb6 20. e5 Nd5 21. Qe4 f5
22. exf6 N7xf6 23. Bxf6 Bxf6 24. Ne5 Kf8 25. Kh1 Bb7 26. Qg6 Qc7 27. Rac1 Qe7
28. Qh7 Qe8 29. Bg6 1-0

[Event "C.to Regionale Sardegna"]
[Site "Sardara ITA"]
[Date "2011.05.21"]
[Round "2"]
[White "Maldarelli, Lorenzo"]
[Black "Di Pinto, Vincenzo"]
[Result "0-1"]
[WhiteElo "1813"]
[BlackElo "1622"]
[PlyCount "45"]
[EventDate "2011.05.23"]

1. d4 Nc6 2. e4 d6 3. c4 g6 4. d5 Ne5 5. f4 Nd7 6. Nc3 Bg7 7. Bd3 Nc5 8. Bc2
Nh6 9. Nge2 e6 10. O-O O-O 11. h3 exd5 12. cxd5 f5 13. Be3 fxe4 14. Bxc5 dxc5
15. Bxe4 Nf5 16. Qb3 Nd4 17. Nxd4 Bxd4+ 18. Kh2 Qf6 19. Rf3 g5 20. Qc2 gxf4 21.
Bxh7+ Kh8 22. Re1 Qh4 23. g3 0-1

[Event "C.to Regionale Sardegna"]
[Site "Sardara ITA"]
[Date "2011.05.21"]
[Round "2"]
[White "Mameli, Gianluca"]
[Black "Dessy, Eugenio"]
[Result "1/2-1/2"]
[WhiteElo "1945"]
[BlackElo "1679"]
[PlyCount "154"]
[EventDate "2011.05.23"]

1. e4 e5 2. f4 exf4 3. Nf3 g5 4. Bc4 d6 5. O-O Bg7 6. c3 Nc6 7. d4 h6 8. a4
Nge7 9. Qb3 O-O 10. Qc2 Ng6 11. e5 d5 12. Bd3 Nce7 13. Na3 Be6 14. Bd2 Qd7 15.
Rad1 Bf5 16. Nb5 Bxd3 17. Qxd3 a6 18. Na3 Qxa4 19. h4 gxh4 20. Be1 Nf5 21. Qxf5
Qxd1 22. Bxh4 Qa4 23. e6 Qc6 24. Re1 Nxh4 25. Nxh4 fxe6 26. Qg4 Rae8 27. Ng6
Rf6 28. Nxf4 Qd7 29. Nc2 Qf7 30. g3 Kh8 31. Kh2 Bf8 32. Re5 Bd6 33. Rh5 Bxf4
34. gxf4 Qg6 35. Qxg6 Rxg6 36. Ne3 c6 37. Re5 Kg7 38. Nf5+ Kf6 39. Ne3 Re7 40.
Kh3 Reg7 41. f5 Rg3+ 42. Kh2 Rxe3 43. Rxe3 Kxf5 44. Re5+ Kf6 45. Kh3 Rg5 46.
Re2 e5 47. Rf2+ Rf5 48. dxe5+ Kxe5 49. Re2+ Kd6 50. Kg4 Re5 51. Rh2 h5+ 52. Kf4
c5 53. b3 b5 54. Ra2 Re1 55. Rxa6+ Kc7 56. Rh6 h4 57. Rh5 Kd6 58. Kf3 b4 59.
cxb4 cxb4 60. Rxh4 Kc5 61. Rh3 Rc1 62. Ke2 Rc3 63. Rh4 Rxb3 64. Kd2 Rc3 65. Rg4
Rc4 66. Rg8 Kb5 67. Rg5 Rc5 68. Rg8 b3 69. Rg4 b2 70. Rg1 Ka4 71. Rg4+ Ka3 72.
Rg3+ Ka2 73. Rg8 Ra5 74. Kc3 b1=Q 75. Rg2+ Ka3 76. Rg3 Qb3+ 77. Kd4 Qxg3
1/2-1/2

[Event "C.to Regionale Sardegna"]
[Site "Sardara ITA"]
[Date "2011.05.21"]
[Round "2"]
[White "Marano, Daniele"]
[Black "Palmas, Alessandro"]
[Result "1-0"]
[WhiteElo "1663"]
[BlackElo "1826"]
[PlyCount "81"]
[EventDate "2011.05.23"]

1. e4 d6 2. Nf3 Nf6 3. Nc3 g6 4. Bc4 Bg7 5. d3 O-O 6. h3 c6 7. Be3 Nbd7 8. Qd2
b5 9. Bb3 a5 10. a4 b4 11. Ne2 Re8 12. Bh6 Bh8 13. O-O-O Nc5 14. Ba2 Nxa4 15.
e5 Nd5 16. h4 dxe5 17. h5 e6 18. hxg6 fxg6 19. Bg5 Bf6 20. Bxf6 Qxf6 21. Qh6
Ra7 22. Ng5 Ree7 23. Ne4 Qg7 24. Qg5 Red7 25. Bxd5 cxd5 26. Nf6+ Kf8 27. Rxh7
Qxh7 28. Nxh7+ Rxh7 29. Qxe5 Rac7 30. Nf4 Nc5 31. Qf6+ Rhf7 32. Nxg6+ Ke8 33.
Qh8+ Kd7 34. Ne5+ Ke7 35. Nxf7 Nb3+ 36. Kb1 Rc5 37. cxb3 Ba6 38. Ne5 d4 39.
Qg7+ Kd6 40. f4 Bb5 41. Rc1 1-0

[Event "C.to Regionale Sardegna"]
[Site "Sardara ITA"]
[Date "2011.05.21"]
[Round "2"]
[White "Murgia, Stefano"]
[Black "Camboni, Paolo"]
[Result "0-1"]
[WhiteElo "1718"]
[BlackElo "1875"]
[PlyCount "48"]
[EventDate "2011.05.23"]

1. e4 e5 2. Nf3 Nc6 3. Bb5 a6 4. Ba4 Nf6 5. Qe2 Be7 6. c3 b5 7. Bb3 Bb7 8. d4
d6 9. O-O O-O 10. Rd1 Qc8 11. Nbd2 Re8 12. dxe5 Nxe5 13. Nxe5 dxe5 14. Nf3 c5
15. Nxe5 c4 16. Bc2 Bc5 17. Bf4 Re7 18. Rd2 Qe8 19. Rad1 Rxe5 20. Bxe5 Qxe5 21.
g3 g6 22. Kf1 Re8 23. f4 Qe6 24. e5 Qc6 0-1

[Event "C.to Regionale Sardegna"]
[Site "Sardara ITA"]
[Date "2011.05.21"]
[Round "2"]
[White "Neri, Enzo"]
[Black "Cao, Carlo"]
[Result "1-0"]
[WhiteElo "2099"]
[BlackElo "1461"]
[PlyCount "53"]
[EventDate "2011.05.23"]

1. d4 Nf6 2. c4 Nc6 3. Nf3 d5 4. cxd5 Nxd5 5. e4 Nb6 6. d5 Nb8 7. Nc3 g6 8. Qd4
Rg8 9. Bf4 Bg4 10. Qe3 N8d7 11. Nb5 e5 12. dxe6 Bb4+ 13. Nd2 Bxd2+ 14. Qxd2
Bxe6 15. Nxc7+ Kf8 16. Bh6+ Ke7 17. Qb4+ Kf6 18. Nxa8 Qxa8 19. e5+ Nxe5 20.
Qf4+ Bf5 21. Bg5+ Ke6 22. g4 Bd3 23. Qf6+ Kd7 24. Qe7+ Kc6 25. Bg2+ Nd5 26. Be3
Nd7 27. Bxd5+ 1-0

[Event "C.to Regionale Sardegna"]
[Site "Sardara ITA"]
[Date "2011.05.21"]
[Round "2"]
[White "Nessi, Davide"]
[Black "Murtas, Paolo"]
[Result "1/2-1/2"]
[WhiteElo "1756"]
[BlackElo "1515"]
[PlyCount "64"]
[EventDate "2011.05.23"]

1. e4 e6 2. d4 d5 3. Nc3 dxe4 4. Nxe4 Nd7 5. Nf3 Ngf6 6. Bd3 Be7 7. O-O O-O 8.
c4 b6 9. Qc2 Bb7 10. Bd2 Nxe4 11. Bxe4 Bxe4 12. Qxe4 Nf6 13. Qc2 c5 14. dxc5
Bxc5 15. b4 Be7 16. a4 Qc7 17. a5 Rfc8 18. axb6 axb6 19. Nd4 Qd7 20. Rxa8 Rxa8
21. Nb5 Rc8 22. Rc1 Ne8 23. g3 Nd6 24. Nxd6 Bxd6 25. Qc3 Qb7 26. Be3 Be7 27. c5
bxc5 28. bxc5 Qc6 29. Qa5 Bd8 30. Qd2 Be7 31. Qa5 Bd8 32. Qd2 Be7 1/2-1/2